Normal view
MARC view
- الجنسية -- قوانين و تشريعات -- العراق -- الجنسية -- قوانين و تشريعات -- الأردن
Entry Topical Term
001 - CONTROL NUMBER
- control field: 45930
003 - CONTROL NUMBER IDENTIFIER
- control field: JO-AjAnu
005 - DATE AND TIME OF LATEST TRANSACTION
- control field: 20230606081608.0
008 - FIXED-LENGTH DATA ELEMENTS
- fixed length control field: 230606|| aca||aabn | a|a d
040 ## - CATALOGING SOURCE
- Original cataloging agency: JO-AjAnu
- Transcribing agency: JO-AjAnu
150 ## - HEADING--TOPICAL TERM
- Topical term or geographic name entry element: الجنسية -- قوانين و تشريعات -- العراق -- الجنسية -- قوانين و تشريعات -- الأردن
670 ## - SOURCE DATA FOUND
- Source citation: Work cat.: (JO-AjAnu)23512: العيسى ، طلال ياسين , author 45929, الاصول العامة في الجنسية " دراسة قانونية مقارنة في القانون العراقي والاردني والقانون المقارن "